№ 7 (157); Энергетическое строительство

Bibliografiska uppgifter
Parent link:Энергетическое строительство: сборник материалов по обмену опытом/ Российская Федерация, Министерство топлива и энергетики (Минтопэнерго). № 7 (157).— , 1956-1995.— 0367-1161
Språk:ryska
Publicerad: 1974
Materialtyp: Bok
KOHA link:https://koha.lib.tpu.ru/cgi-bin/koha/opac-detail.pl?biblionumber=488725

MARC

LEADER 00000nam2a2200000 4500
001 488725
005 20231101095345.0
035 |a (RuTPU)RU\TPU\prd\157565 
035 |a RU\TPU\prd\157564 
090 |a 488725 
100 |a 20121101c1974 k y0rusy50 ca 
101 0 |a rus 
102 |a RU 
200 0 |a № 7 (157) 
210 |d 1974 
461 1 |0 (RuTPU)RU\TPU\prd\457  |x 0367-1161  |t Энергетическое строительство  |o сборник материалов по обмену опытом  |f Российская Федерация, Министерство топлива и энергетики (Минтопэнерго)  |v № 7 (157)  |d 1956-1995 
801 0 |a RU  |b 63413507  |c 20010227  |g PSBO 
801 1 |a RU  |b 63413507  |c 20121031 
801 2 |a RU  |b 63413507  |c 20121101  |g RCR 
942 |c BK 
999 |a НТБ_ТПУ  |b НФ  |e -4/20120110  |p П-6056  |u 0,00  |v 1  |x Б-20055